Montreal Landmarks Photo Quizz - Statistics

General Stats
  • This quiz has been taken 49 times
  • The average score is 7 of 11
Answer Stats
Picture Answer % Correct
Olympic Stadium
98%
Jacques Cartier Bridge
80%
Saint Joseph’s Oratory
80%
Notre-Dame Basilica
78%
Old Port of Montreal
73%
Biosphere
66%
Habitat 67
59%
Botanical Garden
51%
The Ring
49%
Bonsecours Market
34%
Montreal Museum of Fine Arts
22%
No matching quizzes found
Score Distribution
Percent of People with Each Score
Percentile by Number Answered
Your Score History
You have not taken this quiz